Membros do Everglow - Statistics

Estatísticas Gerais
  • Esse quiz foi jogado 5 vezes
  • A pontuação média é 5 de 6
Estatísticas das Respostas
Resposta % Correto
E:U
100%
Aisha
80%
Mia
80%
Onda
80%
Sihyeon
60%
Yiren
60%
Nenhum quiz correspondente encontrado
Distribuição das Pontuações
Porcentagem de Pessoas com Cada Pontuação
Percentil de Números Respondidos
Sua Pontuação Histórica
Você não jogou esse quiz